MARC

LEADER 00000nas a2200000 i 4500
001 ssj0012616
003 WaSeSS
005 20200512172242.0
006 m d
007 cr n
008 050614c19999999cauqr m s 0 a0eng
010 |a  2011202776 
015 |a GBB400106  |2 bnb 
016 7 |a 016583024  |2 Uk 
022 |a 2161-4342  |y 1522-6379 
035 |a (WaSeSS)ssj0012616 
037 |b Sage Publications, 2455 Teller Road, Thousand Oaks, CA 91320 
040 |a OCLCS  |b eng  |e pn  |c OCLCS  |d AAA  |d TXJ  |d OCLCQ  |d OCLCE  |d DLC  |d OCLCQ  |d DLC  |d OCLCF  |d OCLCO  |d UMC  |d OCLCQ  |d ELW  |d OCLCO  |d OCLCQ  |d NLE  |d OCLCA  |d KSU  |d UKMGB  |d VT2  |d NJT  |d CEF  |d OCLCO  |d WaSeSS 
042 |a pcc  |a nsdp 
050 1 4 |a PN4722  |b .J6 
082 0 0 |a 070/.5  |2 23 
222 0 |a Journalism & communication monographs  |b (Online) 
245 0 0 |a Journalism & communication monographs  |h [electronic resource]. 
246 3 |a Journalism and communication monographs 
246 1 |i Also called:  |a JCM 
260 |a Columbia, SC :  |b Association for Education in Journalism and Mass Communication,  |c [1999]- 
260 3 |3 <Fall 2013-> :  |a Thousand Oaks, CA :  |b Sage Publications in association with the Association for Education in Journalism and Mass Communication 
310 |a Quarterly 
362 1 |a Began with vol. 1, no. 1 (spring 1999). 
506 |a License restrictions may limit access. 
588 |a Description based on print version record. 
588 |a Latest issue consulted: Volume 17, number 1 (spring 2015) (SAGE journals, viewed Mar. 25, 2015). 
650 0 |a Journalism  |v Periodicals. 
650 0 |a Mass media  |v Periodicals. 
650 6 |a Journalisme  |v Périodiques. 
650 6 |a Médias  |v Périodiques. 
650 7 |a Journalism.  |2 fast  |0 (OCoLC)fst00984032 
650 7 |a Mass media.  |2 fast  |0 (OCoLC)fst01011219 
650 1 7 |a Journalistiek.  |2 gtt 
650 1 7 |a Massacommunicatie.  |2 gtt 
655 0 |a Electronic journals. 
710 2 |a Association for Education in Journalism and Mass Communication. 
776 0 8 |i Print version:  |t Journalism & communication monographs  |x 1522-6379  |w (DLC)sn 98004957  |w (OCoLC)40389629 
780 0 0 |t Journalism & mass communication monographs 
856 4 0 |z Full text available from Research Library: 04/01/1999 to 12/31/2017  |u https://search.proquest.com/publication/45513